Calidad agronómica de las aguas de riego
Saved in:
| Hovedforfatter: | |
|---|---|
| Format: | Bog |
| Sprog: | spansk |
| Udgivet: |
Madrid
Mundi-Prensa
1990
|
| Udgivelse: | 4a. ed |
| Fag: | |
| Tags: |
Tilføj Tag
Ingen Tags, Vær først til at tagge denne postø!
|
MARC
| LEADER | 00000nam a2200000 a 4500 | ||
|---|---|---|---|
| 001 | UCY0367 | ||
| 003 | CL-VaPUC | ||
| 008 | 940728e19900000SP |||||||||||||||||spa|d | ||
| 082 | 0 | 4 | |a 631.587 |b CAN |2 21 |
| 100 | 0 | |a Canovas Cuenca, Juan |e author |9 328031 | |
| 245 | 1 | 0 | |a Calidad agronómica de las aguas de riego |
| 250 | |a 4a. ed | ||
| 300 | |a 55 p | ||
| 942 | |c BK | ||
| 945 | |d 19940728 00:00:00 |a mfernand | ||
| 260 | |a Madrid |b Mundi-Prensa |c 1990 | ||
| 650 | 0 | |a Agua de riego |9 260487 | |
| 583 | |a last modification |c 19940728 00:00:00 |k Rodrigo Vera | ||
| 999 | |c 229377 |d 229375 | ||
| 952 | |0 0 |1 0 |4 0 |6 631_587000000000000_CAN_1990 |7 0 |8 A |9 230457 |a BIBAGR |b BIBAGR |d 2019-11-15 |i 3042162 |o 631.587 CAN 1990 |p 3042162 |r 2025-01-20 |w 2019-11-15 |y BK |k AGR | ||
| 952 | |0 0 |1 0 |4 0 |6 631_587000000000000_CAN_1990 |7 0 |8 A |9 230458 |a BIBAGR |b BIBAGR |d 2019-11-15 |i 3042170 |o 631.587 CAN 1990 |p 3042170 |r 2025-01-20 |w 2019-11-15 |y BK |k AGR | ||